000
00309 a2200157 4500
001
190566
020
_a
978-0-19-478609-6
040
_c
Magnum
100
_a
Escott, John
240
1
0
_a
The cat
_l
ING
245
1
0
_a
The cat
300
_a
40
362
0
_a
2014
697
_a
LITERATURA INGLESA
942
_c
BK
999
_c
190566
_d
190566